000 01678cam a2200433 a 4500
001 60611
005 20230410123358.0
008 071108s2008 ksuab b s001 0deng
010 _a 2007045716
035 _a(OCoLC)ocn180756992
040 _aDLC
_cDLC
_dBTCTA
_dBAKER
_dYDXCP
_dC#P
_dOCLCG
_dNPL
020 _a9780700615827 (cloth : alk. paper)
020 _a0700615822 (cloth : alk. paper)
035 _a(OCoLC)180756992
043 _an-us---
_ancpn---
050 1 4 _aJZ3715
_b.C583d 2008
082 0 0 _a324.973/0926
_222
100 1 _aClymer, Adam.
245 1 0 _aDrawing the line at the big ditch :
_bthe Panama Canal Treaties and the rise of the Right /
_cAdam Clymer.
260 _aLawrence, Kan. :
_bUniversity Press of Kansas,
_cc2008.
300 _ax, 286 p. :
_bill., map ;
_c24 cm.
504 _aIncludes bibliographical references (p. [213]-264) and index.
630 0 0 _aPanama Canal Treaties
_d(1977)
651 0 _aUnited States
_xForeign relations
_zPanama.
651 0 _aPanama
_xForeign relations
_zUnited States.
651 0 _aPanama Canal (Panama)
_xHistory
_y20th century.
651 0 _aUnited States
_xForeign relations
_y1977-1981.
651 0 _aUnited States
_xPolitics and government
_y1977-1981.
600 1 0 _aCarter, Jimmy,
_d1924-
600 1 0 _aReagan, Ronald.
650 0 _aConservatism
_zUnited States
_xHistory
_y20th century.
650 0 _aPresidents
_zUnited States
_xElection
_y1980.
938 _aBaker and Taylor
_bBTCP
_nBK0007510944
938 _aBaker & Taylor
_bBKTY
_c29.95
_d22.46
_i0700615822
_n0007510944
_sactive
938 _aYBP Library Services
_bYANK
_n2741198
942 _2lcc
_cbk
994 _aC0
_bDRFGD
946 _aLspaulino
999 _c60258
_d60258